<?xml version="1.0" encoding="UTF-8"?>
<collection xmlns="http://www.loc.gov/MARC21/slim">
 <record>
  <leader>00671cam a2200181 7i4500</leader>
  <controlfield tag="001">0000024232</controlfield>
  <controlfield tag="005">20140602090000.0</controlfield>
  <controlfield tag="008">090528s2002    xxc           0     eng   </controlfield>
  <datafield tag="020" ind1="#" ind2="0">
   <subfield code="a">0534525172 </subfield>
  </datafield>
  <datafield tag="090" ind1="0" ind2="0">
   <subfield code="a">BF 637 .C6 </subfield>
   <subfield code="b">M55 2002</subfield>
  </datafield>
  <datafield tag="100" ind1="1" ind2="#">
   <subfield code="a">Mikulas, William L. </subfield>
  </datafield>
  <datafield tag="245" ind1="1" ind2="0">
   <subfield code="a">The integrative helper : </subfield>
   <subfield code="b">convergence of Eastern and Western traditions  </subfield>
   <subfield code="c">William L. Mikulas.</subfield>
  </datafield>
  <datafield tag="260" ind1="#" ind2="#">
   <subfield code="a">Australia: </subfield>
   <subfield code="b">Brooks/Cole, </subfield>
   <subfield code="c">2002.</subfield>
  </datafield>
  <datafield tag="300" ind1="#" ind2="#">
   <subfield code="a">xiv, 226 p.; </subfield>
   <subfield code="c">24 cm..</subfield>
  </datafield>
  <datafield tag="590" ind1="#" ind2="#">
   <subfield code="a">Pusat Pengajian Pembangunan Sosial dan Ekonomi</subfield>
  </datafield>
  <datafield tag="650" ind1="0" ind2="0">
   <subfield code="a">Cross -- </subfield>
   <subfield code="x">Culture counseling </subfield>
  </datafield>
  <datafield tag="650" ind1="0" ind2="0">
   <subfield code="a">Psychotherapy -- </subfield>
   <subfield code="x">Cross -- </subfield>
   <subfield code="x">Culture studies </subfield>
  </datafield>
  <datafield tag="999" ind1=" " ind2=" ">
   <subfield code="a">1100011230</subfield>
   <subfield code="b">Book</subfield>
   <subfield code="c">Open Shelf</subfield>
   <subfield code="e">KOLEKSI TERBUKA</subfield>
  </datafield>
 </record>
</collection>
